000 00498ntaaa2200193 4500
003 01
005 20251027201557.0
008 0714s1973 ag 01
040 _aAR-BaBN
_bspa
_cAR-BaBN
_eaacr
_dRIC
082 _a230.0000 J62
100 _aJohnson, Sherman
_914434
245 _aThe Theology of the Gospels
250 _a1 ed.
260 _aLondon :
_bGerald Duckworth and Co. Ltd.,
_cc1966
300 _a199 p.
500 _aLa teología de los evangelios
650 _aTeología
942 _cBK
999 _c10390
_d10390